| 000 | 00615nam a22002057a 4500 | ||
|---|---|---|---|
| 999 |
_c22474 _d22474 |
||
| 003 | AR-CdUCM | ||
| 008 | 190409b ||||| |||| 00| 0 spa d | ||
| 020 | _a9786124346910 | ||
| 040 |
_aMUNICIPALIDAD PROVINCIAL DEL CUSCO _cBIBLIOTECA MUNICIPAL DEL CUSCO |
||
| 082 |
_a869.56/C71C3 _bC71C3 |
||
| 100 |
_aColchado Lucio, Óscar _913556 |
||
| 245 |
_aEl cerco de Lima / _cÓscar Colchado Lucio |
||
| 260 |
_aLima : _bDebolsillo, _c2019. |
||
| 300 |
_a212 páginas ; _c19 cm. |
||
| 650 |
_aNovelas peruanas _9545 |
||
| 650 |
_aTerrorismo _91688 |
||
| 650 |
_aSiglo XX _948281 |
||
| 942 |
_2ddc _cLIBROS |
||
| 945 | _arac | ||